ဗုဒ္ဓဘာသာယဉ်ကျေးမှုသင်ခန်းစာ / (Record no. 16777)

000 -LEADER
fixed length control field 01033nam a2200205Ia 4500
003 - CONTROL NUMBER IDENTIFIER
control field OSt
005 - DATE AND TIME OF LATEST TRANSACTION
control field 20241004093220.0
007 - PHYSICAL DESCRIPTION FIXED FIELD--GENERAL INFORMATION
fixed length control field ca aa aaaaa
008 - FIXED-LENGTH DATA ELEMENTS--GENERAL INFORMATION
fixed length control field 201103s9999 xx 000 0 und d
040 ## - CATALOGING SOURCE
Transcribing agency SSBUL
041 ## - LANGUAGE CODE
Language code of text/sound track or separate title bur
082 ## - DEWEY DECIMAL CLASSIFICATION NUMBER
Edition number 23
Classification number ၂၉၄.၃၀၇ နိုင်
110 ## - MAIN ENTRY--CORPORATE NAME
Corporate name or jurisdiction name as entry element နိုင်ငံတော်သံဃာမဟာနာကအဖွဲ့
9 (RLIN) 54840
245 10 - TITLE STATEMENT
Title ဗုဒ္ဓဘာသာယဉ်ကျေးမှုသင်ခန်းစာ /
Statement of responsibility, etc. နိုင်ငံတော်သံဃမဟာနာယကအဖွဲ့။
260 ## - PUBLICATION, DISTRIBUTION, ETC.
Place of publication, distribution, etc. ရန်ကုန် ၊
Name of publisher, distributor, etc. သာသနာတော်ထွန်းကားပြန့်ပွားရေးဦးစီးဌာန၊
Date of publication, distribution, etc. ၂၀၀၆။
300 ## - PHYSICAL DESCRIPTION
Extent တ၊ ၁၉၈ စာမျက်နှာ ၊
Dimensions ၁၉ စင်တီ။
500 ## - GENERAL NOTE
General note S-SAT: Dr. Sai Aung Tun
650 ## - SUBJECT ADDED ENTRY--TOPICAL TERM
Topical term or geographic name entry element ဗုဒ္ဒဘာသာ
General subdivision သင်ကြားခြင်းနှင့် သင်ယူခြင်း
9 (RLIN) 54841
942 ## - ADDED ENTRY ELEMENTS (KOHA)
Source of classification or shelving scheme
Koha item type Book (Short term)
Holdings
Withdrawn status Lost status Source of classification or shelving scheme Damaged status Not for loan Collection code Permanent Location Current Location Shelving location Date acquired Total Checkouts Full call number Barcode Date last seen Price effective from Koha item type Accession
          Special Collections Shan State Buddhist University Library Shan State Buddhist University Library Special Collection Shelves 15/02/2023   ၂၉၄.၃၀၇ နိုင် ၉၂၀၅(၁) S-SAT MB00009205 15/02/2023 15/02/2023 Book (Short term) ၉၂၀၅(၁) S-SAT
          Special Collections Shan State Buddhist University Library Shan State Buddhist University Library Special Collection Shelves 04/10/2024   ၂၉၄.၃၀၇ နိုင် ၉၂၀၆(၂) S-SAT MB00009206 04/10/2024 15/02/2023 Book (Short term) ၉၂၀၆(၂) S-SAT

Library - 09407999929
Admin Office - 09407999979
Dean Office - 09250910768
Registrar Office - 09892297154
Email - [email protected]
Shan State Buddhist University, Phaya Phyu Taunggyi, Shan State, Myanmar.